[Event "EU-ch (Women) 25th"]
[Site "Rhodes"]
[Date "2025.04.11"]
[Round "11"]
[White "Krkyasharyan, Sona"]
[Black "Yildiz, Elif Zeren"]
[Result "1/2-1/2"]
[WhiteElo "1989"]
[BlackElo "2103"]
[PlyCount "41"]
[EventDate "2025.03.31"]
[EventType "swiss"]
[EventRounds "11"]
[EventCountry "GRE"]
[SourceTitle "CB16_2025"]
[SourceDate "2025.04.16"]
[SourceVersion "1"]
[SourceVersionDate "2025.04.16"]
[SourceQuality "1"]

1. d4 Nf6 2. c4 e6 3. Nc3 Bb4 4. Nf3 b6 5. Bd2 Bb7 6. g3 0-0 7. Bg2 d6 8. 0-0 Nbd7 9. Rc1 Qe7 10. a3 Bxc3 11. Bxc3 Ne4 12. Be1 f5 13. d5 e5 14. Nh4 Ng5 15. f4 exf4 16. Rxf4 g6 17. Bc3 Rae8 18. Qd4 Qe3+ 19. Qxe3 Rxe3 20. Rc2 Nf6 21. Rf1 1/2-1/2

[Event "EU-ch (Women) 25th"]
[Site "Rhodes"]
[Date "2025.04.09"]
[Round "9"]
[White "Tirpan, Ceren"]
[Black "Yildiz, Elif Zeren"]
[Result "1/2-1/2"]
[WhiteElo "2051"]
[BlackElo "2103"]
[PlyCount "95"]
[EventDate "2025.03.31"]
[EventType "swiss"]
[EventRounds "11"]
[EventCountry "GRE"]
[SourceTitle "CB16_2025"]
[SourceDate "2025.04.16"]
[SourceVersion "1"]
[SourceVersionDate "2025.04.16"]
[SourceQuality "1"]

1. d4 Nf6 2. Bf4 e6 3. Nf3 c5 4. e3 d5 5. Nbd2 Bd6 6. Bg3 Qc7 7. Bb5+ Nbd7 8. 0-0 0-0 9. Bxd6 Qxd6 10. c4 a6 11. Bxd7 Bxd7 12. cxd5 exd5 13. dxc5 Qxc5 14. Nd4 Rac8 15. Qb3 Rc7 16. a3 Rfc8 17. h3 Qe7 18. N2f3 h6 19. Ne1 Be6 20. Nd3 Ne4 21. Qd1 Nd6 22. Re1 Qf6 23. Qh5 Ne4 24. Rad1 Qg5 25. Qf3 Qf6 26. Qe2 Rc4 27. Nf4 Qe5 28. f3 Nf6 29. Nd3 Qh5 30. Rd2 Bd7 31. Qf2 Re8 32. Qg3 Qg5 33. Qxg5 hxg5 34. Kf2 Rc7 35. Rc1 Rec8 36. Rdc2 Rxc2+ 37. Rxc2 Rxc2+ 38. Nxc2 Kf8 39. Nc5 Bc8 40. Ke2 Ke7 41. Kd3 Nd7 42. Kd4 Kd6 43. Nxd7 Bxd7 44. Nb4 Bb5 45. g3 Bf1 46. f4 gxf4 47. exf4 Bxh3 48. Nxd5 1/2-1/2

[Event "EU-ch (Women) 25th"]
[Site "Rhodes"]
[Date "2025.04.05"]
[Round "6"]
[White "Sliwicka, Alicja"]
[Black "Yildiz, Elif Zeren"]
[Result "1/2-1/2"]
[WhiteElo "2376"]
[BlackElo "2103"]
[PlyCount "84"]
[EventDate "2025.03.31"]
[EventType "swiss"]
[EventRounds "11"]
[EventCountry "GRE"]
[SourceTitle "CB16_2025"]
[SourceDate "2025.04.16"]
[SourceVersion "1"]
[SourceVersionDate "2025.04.16"]
[SourceQuality "1"]

1. e4 e5 2. Nf3 Nc6 3. Bc4 Bc5 4. d3 Nf6 5. c3 d6 6. b4 Bb6 7. a4 a5 8. b5 Ne7 9. 0-0 0-0 10. Nbd2 Ng6 11. Bb3 c6 12. Nc4 Be6 13. Nxb6 Bxb3 14. Qxb3 Qxb6 15. Be3 Qc7 16. h3 d5 17. Nd2 Qd7 18. Rab1 Nh5 19. d4 Nhf4 20. Qd1 Rfe8 21. dxe5 Rxe5 22. Bxf4 Nxf4 23. Qf3 Ng6 24. Qg3 Ree8 25. Rfd1 Qe6 26. exd5 Qxd5 27. Nb3 Qf5 28. Nd4 Qc5 29. Nb3 Qf5 30. b6 Nf4 31. Nd4 Qf6 32. Kh2 Re5 33. Qf3 Rc5 34. Rbc1 Nd5 35. Qxf6 gxf6 36. Nf5 Nxb6 37. g4 Nxa4 38. Rd7 b5 39. Nh6+ Kg7 40. Nf5+ Kg8 41. Nh6+ Kg7 42. Nf5+ Kg8 1/2-1/2

[Event "Wch U20 Girls 41st"]
[Site "Petrovac"]
[Date "2025.03.06"]
[Round "10"]
[White "Yildiz, Elif Zeren"]
[Black "Petricenco, Ana"]
[Result "1/2-1/2"]
[WhiteElo "2160"]
[BlackElo "1973"]
[PlyCount "177"]
[EventDate "2025.02.25"]
[EventType "swiss"]
[EventRounds "11"]
[EventCountry "MNE"]
[SourceTitle "CB11_2025"]
[SourceDate "2025.03.12"]
[SourceVersion "1"]
[SourceVersionDate "2025.03.12"]
[SourceQuality "1"]

1. e4 c5 2. Nf3 d6 3. d4 cxd4 4. Nxd4 Nf6 5. Nc3 a6 6. Rg1 e5 7. Nb3 h5 8. h3 Be6 9. Bg5 Be7 10. Qf3 Nbd7 11. 0-0-0 Qc7 12. Kb1 Rc8 13. Bd3 b5 14. Nd5 Nxd5 15. exd5 Bxd5 16. Qxd5 Bxg5 17. Bf5 Be7 18. f4 Nb6 19. Qf3 Rd8 20. Na5 g6 21. Bd3 Rc8 22. f5 g5 23. f6 Bf8 24. Bf5 Nd7 25. Nb3 Rd8 26. Rge1 Nxf6 27. Nd4 Bg7 28. Nc6 Ra8 29. Nxe5 0-0 30. Nxf7 Kxf7 31. Qb3+ d5 32. Rxd5 Qc4 33. Be6+ Kg6 34. Rxg5+ Kxg5 35. Bxc4 bxc4 36. Qxc4 Kg6 37. g4 hxg4 38. hxg4 Rae8 39. Qd3+ Kf7 40. Rf1 Re5 41. Qxa6 Rfe8 42. a4 R8e6 43. Qc8 Kg6 44. a5 Ne4 45. Rf5 Re8 46. Qc7 R8e7 47. Qb6+ R5e6 48. Qb5 Rc7 49. Rf4 Nc5 50. Rc4 Rb7 51. Rxc5 Rxb5 52. Rxb5 Re1+ 53. Ka2 Re4 54. g5 Bf8 55. Kb3 Be7 56. a6 Re6 57. Ra5 Rb6+ 58. Ka2 Rb8 59. c3 Bxg5 60. b4 Bd2 61. Kb3 Kf6 62. Ra2 Be3 63. c4 Ba7 64. Kc3 Ke6 65. Rh2 Kd6 66. Rh6+ Kc7 67. c5 Rd8 68. Kc4 Rd7 69. Rh8 Rd1 70. Kb5 Rc1 71. Rh7+ Kb8 72. Kc6 Bxc5 73. bxc5 Ra1 74. Rb7+ Ka8 75. Rb2 Ka7 76. Re2 Rf1 77. Kd7 Kxa6 78. c6 Rf7+ 79. Re7 Rf8 80. Kc7 Rg8 81. Rd7 Rh8 82. Rd6 Rg8 83. Rh6 Rg7+ 84. Kd8 Rg8+ 85. Kd7 Rg7+ 86. Kd6 Kb6 87. Re6 Rc7 88. Kd5 Rc8 89. Ke4 1/2-1/2

[Event "Wch U20 Girls 41st"]
[Site "Petrovac"]
[Date "2025.03.02"]
[Round "6"]
[White "Gasparyan, Milena"]
[Black "Yildiz, Elif Zeren"]
[Result "1/2-1/2"]
[WhiteElo "1986"]
[BlackElo "2160"]
[PlyCount "98"]
[EventDate "2025.02.25"]
[EventType "swiss"]
[EventRounds "11"]
[EventCountry "MNE"]
[SourceTitle "CB11_2025"]
[SourceDate "2025.03.12"]
[SourceVersion "1"]
[SourceVersionDate "2025.03.12"]
[SourceQuality "1"]

1. e4 e5 2. Nf3 Nc6 3. Bb5 Nf6 4. 0-0 Nxe4 5. Re1 Nd6 6. Nxe5 Be7 7. Bf1 Nxe5 8. Rxe5 0-0 9. d4 Bf6 10. Re1 Nf5 11. c3 d5 12. Bf4 c6 13. Nd2 Nh4 14. Bd3 Ng6 15. Bg3 Bg5 16. Qc2 f5 17. Be5 Nxe5 18. dxe5 Be6 19. Nb3 Qd7 20. c4 Be7 21. Nd4 Rac8 22. Rad1 Bc5 23. Nxe6 Qxe6 24. a3 Kh8 25. b4 Bb6 26. c5 Bd8 27. f4 g6 28. Kh1 Rc7 29. Re3 Rcf7 30. Rh3 Kg8 31. Rf1 Be7 32. Qf2 h5 33. Rf3 Rh7 34. a4 Rc8 35. Rc1 Bf8 36. Qc2 Rf7 37. Qf2 Rfc7 38. Be2 a6 39. Rfc3 Be7 40. h4 Kh7 41. g3 Qd7 42. Qd4 Ra8 43. Kg2 Rcc8 44. Kh3 Qd8 45. Rd1 Qf8 46. Rdc1 Kh6 47. Bd3 Qd8 48. Bf1 Qf8 49. Bd3 Qd8 1/2-1/2

[Event "Wch U20 Girls 41st"]
[Site "Petrovac"]
[Date "2025.02.28"]
[Round "4"]
[White "Zhapova, Yana"]
[Black "Yildiz, Elif Zeren"]
[Result "1-0"]
[WhiteElo "2234"]
[BlackElo "2160"]
[PlyCount "77"]
[EventDate "2025.02.25"]
[EventType "swiss"]
[EventRounds "11"]
[EventCountry "MNE"]
[SourceTitle "CB11_2025"]
[SourceDate "2025.03.12"]
[SourceVersion "1"]
[SourceVersionDate "2025.03.12"]
[SourceQuality "1"]

1. e4 c5 2. Nf3 d6 3. d4 cxd4 4. Nxd4 Nf6 5. Nc3 a6 6. Bg5 e6 7. Qf3 Nbd7 8. 0-0-0 Qc7 9. a3 b5 10. Bxf6 Nxf6 11. g4 Bb7 12. g5 Nd7 13. Qe3 Rc8 14. h4 Nb6 15. Rh3 e5 16. Nb3 Na4 17. Qd2 Nxc3 18. Rxc3 Qd8 19. Bh3 Rc7 20. f4 exf4 21. e5 d5 22. Rxc7 Qxc7 23. Qxf4 Be7 24. Nd4 0-0 25. Rf1 g6 26. h5 Qd8 27. Rg1 Qb6 28. Kb1 Bc5 29. Rd1 Bxd4 30. Rxd4 Re8 31. hxg6 Qxg6 32. Bd7 Rf8 33. Rd2 Bc8 34. Rxd5 Bxd7 35. Rxd7 Rc8 36. Rd2 Qc6 37. Qf5 Re8 38. Rd6 Qh1+ 39. Ka2 1-0

[Event "Izmir Arena IM8"]
[Site "Izmir"]
[Date "2024.12.19"]
[Round "3"]
[White "Hojjatinejad, Ilia"]
[Black "Yildiz, Elif Zeren"]
[Result "1-0"]
[WhiteElo "2163"]
[BlackElo "2159"]
[PlyCount "131"]
[EventDate "2024.12.18"]
[EventType "tourn"]
[EventRounds "9"]
[EventCountry "TUR"]
[EventCategory "1"]
[SourceTitle "CB52_2024"]
[SourceDate "2024.12.25"]
[SourceVersion "1"]
[SourceVersionDate "2024.12.25"]
[SourceQuality "1"]

1. e4 c5 2. Nf3 d6 3. d4 cxd4 4. Nxd4 Nf6 5. Nc3 a6 6. Bg5 e6 7. f4 Be7 8. Qf3 Qc7 9. 0-0-0 Nbd7 10. Bd3 b5 11. Rhe1 Bb7 12. Qg3 b4 13. Nd5 exd5 14. exd5 Kd8 15. Nc6+ Bxc6 16. dxc6 Nc5 17. Bf5 Ra7 18. Bh4 Rg8 19. Re5 Qxc6 20. Rxe7 Kxe7 21. Bxf6+ Kf8 22. Bxh7 Ne4 23. Qe3 gxf6 24. Qxa7 Rh8 25. Bf5 Rxh2 26. Bh3 Nc5 27. Qb8+ Kg7 28. Qxb4 Rh1 29. Qd4 Rxd1+ 30. Qxd1 a5 31. Qg4+ Kh7 32. Qh4+ Kg7 33. Qg3+ Kf8 34. Qe3 Qb5 35. g3 Qa4 36. Kb1 Qc6 37. Qe1 Qf3 38. Bf5 a4 39. a3 Kg7 40. Qg1 Qd5 41. g4 Qd2 42. Qf1 Ne6 43. Bxe6 fxe6 44. Qc4 Qd1+ 45. Ka2 Qxg4 46. Qc7+ Kg6 47. Qxd6 Qe2 48. Qc6 e5 49. fxe5 Qxe5 50. Qxa4 f5 51. Qc6+ Kf7 52. a4 f4 53. b3 Qe3 54. a5 f3 55. a6 f2 56. Qb7+ Kg6 57. a7 Qc5 58. Qe4+ Kh6 59. Qh4+ Kg7 60. Qg3+ Kh6 61. Qf4+ Kg7 62. a8Q Qxc2+ 63. Ka3 Qc5+ 64. Ka4 f1Q 65. Qb7+ Kh8 66. Qh6+ 1-0

[Event "EU-ch U16 Girls"]
[Site "Prague"]
[Date "2024.08.29"]
[Round "7"]
[White "Szczotka, Klara"]
[Black "Yildiz, Elif Zeren"]
[Result "0-1"]
[WhiteElo "2053"]
[BlackElo "1934"]
[PlyCount "90"]
[EventDate "2024.08.22"]
[EventType "swiss"]
[EventRounds "9"]
[EventCountry "CZE"]
[SourceTitle "CBM 221 Extra"]
[Source "ChessBase"]
[SourceDate "2024.09.30"]
[SourceVersion "1"]
[SourceVersionDate "2024.09.30"]
[SourceQuality "1"]

1. d4 Nf6 2. c4 e6 3. Nc3 d5 4. cxd5 exd5 5. Bg5 Be7 6. e3 h6 7. Bh4 Bg4 8. Qc2 0-0 9. Bd3 c5 10. h3 Be6 11. Nge2 Nc6 12. a3 c4 13. Bf5 Qd7 14. Bxe6 fxe6 15. f4 a6 16. 0-0 b5 17. Bxf6 Bxf6 18. Qg6 Ne7 19. Qc2 Nf5 20. Rf3 Nh4 21. Rf2 Nf5 22. Qd2 Nd6 23. Raf1 a5 24. Qd1 b4 25. Na4 Ne4 26. Nb6 Nxf2 27. Kxf2 Qc6 28. Nxa8 Rxa8 29. Qc2 Be7 30. a4 Rf8 31. Ra1 b3 32. Qb1 Bb4 33. g4 Qd6 34. Qg6 e5 35. Qxd6 Bxd6 36. Nc3 exd4 37. Nxd5 dxe3+ 38. Kxe3 Bc5+ 39. Kf3 Bd4 40. Rc1 Rd8 41. Ke4 Bxb2 42. Rxc4 Ba3 43. Nc3 Bb4 44. Ke3 b2 45. Nb1 Rd1 0-1

[Event "EU-ch U16 Girls"]
[Site "Prague"]
[Date "2024.08.23"]
[Round "2"]
[White "Yildiz, Elif Zeren"]
[Black "Lackova, Ludmila"]
[Result "1-0"]
[WhiteElo "1934"]
[BlackElo "1669"]
[PlyCount "141"]
[EventDate "2024.08.22"]
[EventType "swiss"]
[EventRounds "9"]
[EventCountry "CZE"]
[SourceTitle "CBM 221 Extra"]
[Source "ChessBase"]
[SourceDate "2024.09.30"]
[SourceVersion "1"]
[SourceVersionDate "2024.09.30"]
[SourceQuality "1"]

1. e4 e5 2. Nf3 Nf6 3. Nxe5 d6 4. Nf3 Nxe4 5. d4 d5 6. Bd3 Bf5 7. 0-0 Be7 8. Re1 0-0 9. c4 c6 10. Qc2 Nd7 11. Nc3 Ndf6 12. Ne5 Bb4 13. a3 Bxc3 14. bxc3 Bg6 15. Nxg6 fxg6 16. f3 Nd6 17. c5 Nf7 18. a4 Qc7 19. g3 Rae8 20. Bf4 Qd7 21. g4 Rxe1+ 22. Rxe1 Re8 23. Rxe8+ Qxe8 24. Qe2 Qd7 25. h3 Kf8 26. a5 a6 27. Qb2 Qe7 28. Kf2 Ne8 29. Bg3 Nf6 30. Qb6 Qd7 31. Qc7 Qxc7 32. Bxc7 Ke7 33. h4 Nd8 34. g5 Ne8 35. Be5 Ne6 36. f4 N8c7 37. Ke3 Nb5 38. c4 dxc4 39. Bxc4 Nbc7 40. Ke4 Ne8 41. Bxe6 Kxe6 42. Bb8 Ke7 43. Ke5 h6 44. Bd6+ Kd7 45. Bf8 hxg5 46. hxg5 Nc7 47. Bxg7 Ke7 48. Bf6+ Kf7 49. Kd6 Ne8+ 50. Kd7 Nxf6+ 51. gxf6 Kxf6 52. Kc7 Kf5 53. Kxb7 Kxf4 54. d5 g5 55. dxc6 g4 56. c7 g3 57. c8Q g2 58. Qg8 Kf3 59. c6 Kf2 60. c7 g1Q 61. Qxg1+ Kxg1 62. c8Q Kf2 63. Qc3 Ke2 64. Kc6 Kf2 65. Kd5 Ke2 66. Ke4 Kf2 67. Qe3+ Kg2 68. Qd2+ Kg3 69. Qe2 Kh3 70. Kf4 Kh4 71. Qg4# 1-0

[Event "TUR-ch U16"]
[Site "Belek Antalya"]
[Date "2024.01.27"]
[Round "9"]
[White "Ulus, Ekin"]
[Black "Yildiz, Elif Zeren"]
[Result "1-0"]
[WhiteElo "1452"]
[BlackElo "1767"]
[PlyCount "62"]
[EventDate "2024.01.21"]
[EventType "swiss"]
[EventRounds "9"]
[EventCountry "TUR"]
[SourceTitle "EXT 2025"]
[Source "ChessBase"]
[SourceDate "2024.10.14"]
[SourceVersion "1"]
[SourceVersionDate "2024.10.14"]
[SourceQuality "1"]

1. e4 c5 2. Nf3 d6 3. d4 cxd4 4. Nxd4 Nf6 5. Nc3 a6 6. Bc4 e6 7. Bb3 Be7 8. g4 Nc6 9. g5 Nxd4 10. Qxd4 Nh5 11. h4 Qa5 12. Be3 Bd7 13. 0-0-0 Bc6 14. Rhg1 Rg8 15. f4 g6 16. Rdf1 Ng7 17. h5 Nxh5 18. f5 Bd7 19. f6 Bf8 20. Qd2 Rh8 21. Qf2 Rc8 22. Bb6 Qe5 23. Nd5 Qxe4 24. Nc7+ Rxc7 25. Bxc7 Qc6 26. Ba5 h6 27. Qa7 hxg5 28. Ba4 b5 29. Rf3 Qc5 30. Bb6 Qc8 31. Rc3 Bc6 1-0

[Event "TUR-ch U16"]
[Site "Belek Antalya"]
[Date "2024.01.26"]
[Round "8"]
[White "Yildiz, Elif Zeren"]
[Black "Mutlu, Ezgi"]
[Result "1/2-1/2"]
[WhiteElo "1767"]
[BlackElo "1556"]
[PlyCount "51"]
[EventDate "2024.01.21"]
[EventType "swiss"]
[EventRounds "9"]
[EventCountry "TUR"]
[SourceTitle "EXT 2025"]
[Source "ChessBase"]
[SourceDate "2024.10.14"]
[SourceVersion "1"]
[SourceVersionDate "2024.10.14"]
[SourceQuality "1"]

1. e4 c5 2. Nc3 d6 3. f4 Nc6 4. Nf3 Bg4 5. Be2 g6 6. Nd5 Bg7 7. c3 e6 8. Ne3 Bxf3 9. Bxf3 Nge7 10. 0-0 0-0 11. d3 Qd7 12. g4 f5 13. Ng2 d5 14. e5 fxg4 15. Bxg4 Nf5 16. Qe1 Nce7 17. b3 b5 18. Ba3 Rfc8 19. Nh4 a5 20. Nxf5 gxf5 21. Bf3 b4 22. Bb2 Rab8 23. c4 d4 24. Kh1 Ng6 25. Bc1 Qe7 26. a4 1/2-1/2